Le Bhâminî-Vilâsa (Record no. 152069)

MARC details
000 -LEADER
campo de control de longitud fija 01103nam a22002295i 4500
001 - NÚMERO DE CONTROL
campo de control 152069
003 - IDENTIFICADOR DE NÚMERO DE CONTROL
campo de control ES-MaACL
005 - FECHA Y HORA DE LA ÚLTIMA TRANSACCIÓN
campo de control 20250726075508.0
008 - DATOS DE LONGITUD FIJA--INFORMACIÓN GENERAL
campo de control de longitud fija 990423s1872 fr |||| | san d
040 ## - FUENTE DE CATALOGACIÓN
Centro catalogador/agencia de origen CCPB | B
Lengua de catalogación spa
Centro/agencia transcriptor CCPB | B
100 1# - ENTRADA PRINCIPAL--NOMBRE DE PERSONA
Nombre de persona Jagannatha Panditaraja.
9 (RLIN) 146093
245 13 - MENCIÓN DEL TÍTULO
Título Le Bhâminî-Vilâsa
Resto del título : recueil de sentences du pandit Djagannâtha /
Mención de responsabilidad, etc. texte sanscrit publié pour la premiêre fois en entier avec une traduction en français et des notes par Abel Bergaigne.
260 ## - PUBLICACIÓN, DISTRIBUCIÓN, ETC.
Lugar de publicación, distribución, etc. Paris :
Nombre del editor, distribuidor, etc. Librairie A. Franck,
Fecha de publicación, distribución, etc. 1872 (
Fabricante Nogent-Le-Rotrou, Imprimerie de A. Gouverneur)
300 ## - DESCRIPCIÓN FÍSICA
Extensión 124 p. ;
Dimensiones 24 cm.
490 1# - MENCIÓN DE SERIE
Mención de serie Bibliothéque de l'école des hautes études. Sciences philologiques et historiques ;
Designación de volumen o secuencia fasc. 9
546 ## - NOTA DE IDIOMA
Nota de lengua/lenguaje Texto en sánscrito y francés ;
Información sobre el código o alfabeto Alfabeto sánscrito.
700 0# - ENTRADA AGREGADA--NOMBRE PERSONAL
Nombre de persona Bergaigne, Abel.
9 (RLIN) 27922
830 00 - PUNTO DE ACCESO ADICIONAL DE SERIE-TÍTULO UNIFORME
Título uniforme Bibliothèque de l'École des Hautes Études. Sciences historiques et philologiques
Designación de volumen o secuencia fasc. 9
9 (RLIN) 229685
852 ## - LOCALIZACIÓN
Ubicación ES-MaACL
Número de control de estantería C-7554
Nota libre -- Enc. hol., conservando la cub. original
Holdings
Estatus retirado Estado de pérdida Estado de daño No para préstamo Colección Biblioteca de origen Biblioteca actual Ubicación en estantería Fecha de adquisición Total de préstamos Signatura topográfica completa Código de barras Visto por última vez Precio de reemplazo Tipo de ítem Koha
        Libros del s. XIX Biblioteca del Ateneo de Madrid Biblioteca del Ateneo de Madrid Sala Palomar 17/01/2008   C-7554 1158736 23/02/2023 23/02/2023 Libro impreso antiguo